00469nam a22001457a 450000500170000000800410001702000160005804100130007408200150008710000390010224500630014126000570020430000360026165000260029720231115095808.0231115b |||||||| |||| 00| 0 eng d a040650041 X aEnglish  a344.4 KEN  aKennedy, I and Grubb, A lEnglish  aMedical Law : Text and Materials / cI Kennedy and A Grubb aLondon : bButterworth and Company (Pty) Ltd, c1989 bxliii, 1224 pages ; c25,5 cm.  aLegal practice bLaw